Impact of the small scale real estate business on the urbanization pattern of the third world cities (Record no. 105019)

MARC details
000 -LEADER
fixed length control field 01576cam a2200241 4500
001 - CONTROL NUMBER
control field ##L132096
008 - FIXED-LENGTH DATA ELEMENTS--GENERAL INFORMATION
fixed length control field 060106n2006 000 0 eng u
020 ## - INTERNATIONAL STANDARD BOOK NUMBER
International Standard Book Number 9781842192809
035 ## - SYSTEM CONTROL NUMBER
System control number (Sirsi) u132096
041 0# - LANGUAGE CODE
Language code of text/sound track or separate title eng
050 ## - LIBRARY OF CONGRESS CALL NUMBER
Classification number 711.1 $2 18
100 1# - MAIN ENTRY--PERSONAL NAME
Personal name Karim, Md Rezaul
245 00 - TITLE STATEMENT
Title Impact of the small scale real estate business on the urbanization pattern of the third world cities
Remainder of title a case study of Khulna city, Bangladesh
260 ## - PUBLICATION, DISTRIBUTION, ETC.
Place of publication, distribution, etc. London
Name of publisher, distributor, etc. RICS
Date of publication, distribution, etc. 2006
490 ## - SERIES STATEMENT
Series statement RICS Research Paper Series
Volume/sequential designation 6(3) October 2006
505 2# - FORMATTED CONTENTS NOTE
Formatted contents note Study areas and data sources -- The housing situation in Khulna City --Relative prices of housing services --Urban growth patterns of the city and the locations of private real estate businesses -- Impacts of private real estate developments on patterns of urbanisation -- The globalisation of Khulna City and its impact on real estate -- National policy guidelines -- Legal and regulatory framework vis-a-vis organisational arrangements.
520 ## - SUMMARY, ETC.
Summary, etc. Aims to identify the causes of the growth of the small-scale private real estate business and its impacts on the urbanization patterns of Khulna city, Bangladesh in context of sustainable urban planning. Khulna is the third largest metropolitan and industrial city of Bangladesh.
651 #4 - SUBJECT ADDED ENTRY--GEOGRAPHIC NAME
Geographic name BANGLADESH
690 ## - LOCAL SUBJECT ADDED ENTRY--TOPICAL TERM (OCLC, RLIN)
Topical term or geographic name as entry element PROPERTY-RESIDENTIAL PROPERTY-RESIDENTIAL PROPERTY DEVELOPMENT
700 1# - ADDED ENTRY--PERSONAL NAME
Personal name Islam, Kazi Saiful
856 40 - ELECTRONIC LOCATION AND ACCESS
Uniform Resource Identifier <a href="https://www.rics.org/RICSWEB/getpage.aspx?p=iq7w0NgVskezQd4NxxcWMQ">https://www.rics.org/RICSWEB/getpage.aspx?p=iq7w0NgVskezQd4NxxcWMQ</a>
Public note View the research free of charge at www.rics.org...
942 ## - ADDED ENTRY ELEMENTS (KOHA)
Suppress in OPAC 0
Holdings
Withdrawn status Lost status Source of classification or shelving scheme Damaged status Not for loan Home library Current library Shelving location Date acquired Total Checkouts Full call number Barcode Date last seen Copy number Price effective from Koha item type
    Dewey Decimal Classification     Virtual Virtual Online 13/02/2007   ONLINE PUBLICATION 132096-2001 06/08/2019 1 06/08/2019 Book